| 000 | 00522 a2200145 4500 | ||
|---|---|---|---|
| 020 | _a0074705407 (paperback) | ||
| 020 | _a9780074705407 (paperback) | ||
| 090 |
_c4636 _d4636 |
||
| 100 | 1 | _aLussier. | |
| 245 | 1 | 0 |
_aOrganizational behaviour : _baustralian edition : _ba skill-building approach :australian edition / _cLussier. |
| 260 |
_a[S.l.] : _bMcGraw-Hill Australia, _c1997. |
||
| 300 | _a517 p. | ||
| 856 | 4 | 0 |
_3Amazon.com _uhttp://www.amazon.com/exec/obidos/ASIN/0074705407/chopaconline-20 |
| 942 |
_aNBS _cBK _k658.3 ROB |
||
| 999 |
_c347073 _d347073 |
||